000 00500nam a2200181Ia 4500
005 20250326123629.0
008 250326s9999 xx 000 0 und d
037 _aTextbook
040 _aFMSL
_beng
_cFMSL
041 _aeng
_2eng
084 _aD658(B) K8
_qFMSL
100 _aSprowls R C
_9735550
245 0 _aComputer: Programming probelm aproach
_cSprowls R C
260 _aNY
_bNY, Harper & Row
_c1968
300 _a399p
942 _cTB
_hD658(B) K8
999 _c1270234
_d1270234